Central Library OPAC University of Rajshahi

Biology and the nature of man / (Record no. 1286)

MARC details
000 -LEADER
fixed length control field 01070cam a22003131 4500
001 - CONTROL NUMBER
control field 1286
003 - CONTROL NUMBER IDENTIFIER
rucl marc code BD-RjUL
005 - DATE AND TIME OF LATEST TRANSACTION
control field 20211208233317.0
008 - FIXED-LENGTH DATA ELEMENTS--GENERAL INFORMATION
fixed length control field 131125s1962 enk 000 0 eng
035 ## - SYSTEM CONTROL NUMBER
System control number (BD-RjUL)1308
040 ## - CATALOGING SOURCE
Original cataloging agency DLC/ICU
Transcribing agency ICU
Modifying agency DLC
-- BD-RjUL
Language of cataloging eng
041 ## - LANGUAGE CODE
Language code of text/sound track or separate title eng
082 00 - DEWEY DECIMAL CLASSIFICATION NUMBER
Classification number 574
Edition number 19
Author mark and year THB 1962
100 1# - MAIN ENTRY--PERSONAL NAME
Personal name Thorpe, W. H.
Fuller form of name (William Homan),
Dates associated with a name 1902-
9 (RLIN) 3797
245 10 - TITLE STATEMENT
Title Biology and the nature of man /
Statement of responsibility, etc. W H. Thorpe.
260 ## - PUBLICATION, DISTRIBUTION, ETC. (IMPRINT)
Place of publication, distribution, etc. London ;
-- New York :
Name of publisher, distributor, etc. Oxford University Press,
Date of publication, distribution, etc. c1962.
300 ## - PHYSICAL DESCRIPTION
Pagination 122 p. ;
Size 19 cm.
490 1# - SERIES STATEMENT
Series statement Riddell memorial lectures
Volume/sequential designation 33d series
500 ## - GENERAL NOTE
General note University of Durham publications.
650 #0 - SUBJECT ADDED ENTRY--TOPICAL TERM
Topical term or geographic name as entry element Biology
General subdivision Philosophy.
9 (RLIN) 3798
Topical term or geographic name as entry element Human beings
General subdivision Origin.
9 (RLIN) 3799
830 #0 - SERIES ADDED ENTRY--UNIFORM TITLE
Volume number/sequential designation 33rd ser.
Uniform title Riddell memorial lectures ;
Uniform title University of Durham publications.
856 4# - ELECTRONIC LOCATION AND ACCESS
Materials specified WorldCat details.
Uniform Resource Identifier <a href="http://www.worldcat.org/title/biology-and-the-nature-of-man/oclc/844808&referer=brief_results">http://www.worldcat.org/title/biology-and-the-nature-of-man/oclc/844808&referer=brief_results</a>
942 ## - ADDED ENTRY ELEMENTS (KOHA)
Source of classification or shelving scheme Dewey Decimal Classification
Koha item type Books
Holdings
Lost status Source of classification or shelving scheme Damaged status Not for loan Collection code Permanent Location Current Location Shelving location Date acquired Source of acquisition Cost, normal purchase price Total Checkouts Full call number Date last seen Copy number Koha item type
  Dewey Decimal Classification   Not For Loan Non-fiction Central Library, University of Rajshahi Central Library, University of Rajshahi   10/03/1970 Zeitlinger 13.00   574 THB 1962 28/11/2013 C-1 Books